Flagi państw najbardziej podobne do Czadu - Statystyki

Ogólne statystyki
  • Ten quiz został rozwiązany 6 321 razy
  • Średni wynik to 7 z 7
Statystyki odpowiedzi
Obrazkowy Odpowiedź % Poprawnych
Rumunia
99%
Kolumbia
97%
Mołdawia
96%
Wenezuela
96%
Andora
95%
Armenia
92%
Ekwador
92%
Nie znaleziono quizów pasujących do podanych kryteriów
Rozkład punktacji
Procent ludzi z każdym wynikiem
Percentyl według liczby udzielonych odpowiedzi
Twoja historia wyników
Nie rozwiązałeś tego quizu